00891cam a22002531a 4500001001300000003000400013005001700017008004100034010001700075035002000092040004800112042001200160050002700172051001600199100004900215245006800264260003300332300004600365490007900411504002800490650003600518830006600554999001700620e 24000613 DLC20260227111215.0860701s1924 dcua b f000 0 eng c ae 24000613  a(OCoLC)13806910 aU.S. Off. of Educ. LibrarycABAUdABAUdDLC apremarc00aL111b.A6 1924, no. 11 aTT168b.R551 aRoberts, William E.q(William Elmer),d1866-10aManual arts in the junior high school /cby William E. Roberts. aWashington :bG.P.O.,c1924. aiv, 89 p. :bill., forms, plans ;c23 cm.1 aBulletin / Department of the Interior, Bureau of Education ;v1924, no. 11 aBibliography: p. 85-89. 0aManual trainingzUnited States. 0aBulletin (United States. Bureau of Education) ;v1924, no. 11 c20720d20720